000
00232 a2200097 4500
001
46198
100
_a
Kramers J
245
_a
The Encyclopedia of Islam
260
_a
Switzerland
_b
Inter Documentation Co.
_c
090
_c
29304
_d
29304
942
_a
NUST-CAE
_c
M
_c
21452
999
_c
281271
_d
281271